The detection and measurement of infra-red radiation (Record no. 1735)

MARC details
000 -LEADER
fixed length control field 00626nam a2200205Ia 4500
003 - CONTROL NUMBER IDENTIFIER
control field IN-BaIIA
008 - FIXED-LENGTH DATA ELEMENTS--GENERAL INFORMATION
fixed length control field 211028s9999 xx 000 0 eng d
040 ## - CATALOGING SOURCE
Transcribing agency IIA Library
080 ## - UNIVERSAL DECIMAL CLASSIFICATION NUMBER
Universal Decimal Classification number 535-1
Item number SMI
100 ## - MAIN ENTRY--PERSONAL NAME
Personal name Smith, R. A
9 (RLIN) 2244
245 #4 - TITLE STATEMENT
Title The detection and measurement of infra-red radiation
Statement of responsibility, etc. R. A. Smith, F. E. Jones, and R. P. Chasmar
260 ## - PUBLICATION, DISTRIBUTION, ETC.
Place of publication, distribution, etc. Oxford
Name of publisher, distributor, etc. The Clarendon Press
Date of publication, distribution, etc. 1957
300 ## - PHYSICAL DESCRIPTION
Extent [various pagings.]
650 ## - SUBJECT ADDED ENTRY--TOPICAL TERM
Topical term or geographic name entry element Infrared Radiation
9 (RLIN) 2895
650 ## - SUBJECT ADDED ENTRY--TOPICAL TERM
Topical term or geographic name entry element Light-Visible Radiation
9 (RLIN) 2024
650 ## - SUBJECT ADDED ENTRY--TOPICAL TERM
Topical term or geographic name entry element NASA Thesaurus
700 ## - ADDED ENTRY--PERSONAL NAME
Personal name Chasmar, R. P.
9 (RLIN) 3399
700 ## - ADDED ENTRY--PERSONAL NAME
Personal name Jones, F. E.
9 (RLIN) 3400
942 ## - ADDED ENTRY ELEMENTS (KOHA)
Koha item type Books
Holdings
Withdrawn status Lost status Damaged status Not for loan Home library Current library Shelving location Date acquired Total Checkouts Full call number Barcode Date last seen Price effective from Koha item type
        IIA Library-Bangalore IIA Library-Bangalore General Stacks     535-1/ SMI 1900 05/11/2021   Books

Powered by Koha